Normal view
MARC view
Entry Geographic Name
001 - CONTROL NUMBER
- control field: 49978
003 - CONTROL NUMBER IDENTIFIER
- control field: ARRUPE
005 - DATE AND TIME OF LATEST TRANSACTION
- control field: 20201021142110.0
008 - FIXED-LENGTH DATA ELEMENTS
- fixed length control field: 201021|| aca||aabn | a|a d
040 ## - CATALOGING SOURCE
- Original cataloging agency: ARRUPE
- Transcribing agency: ARRUPE
151 ## - HEADING--GEOGRAPHIC NAME
- Geographic name: Kolkata (India)
- Form subdivision: Biography.
670 ## - SOURCE DATA FOUND
- Source citation: Work cat.: (ARRUPE)0: Egan, Eileen. 49975, Such a vision of the street :, 1985.